书目信息 |
| 书名: | Speak Lord, your servant is listening | |
| 作者: | David E. Rosage. | |
| 分册号: | ||
| 分册名: | 出版地: | New York : |
|
| 出版社: | Phoenix Press | |
| 出版时间: | 1987. | |
| 页数: | ix, 208 p. ; | |
| 开本: | 21 cm. | |
| 丛书名: | ||
| 中图分类号: | ||
| 科图分类号: | ||
| 其他分类号: | B97 | |
| 主题词: | ||
| 电子资源: | ||
| 000 | 00741cam a2200253 a 450 | |
| 001 | E0741295117 | |
| 005 | 20070513113200.54 | |
| 008 | 861022s1987 nyu d 000 0 eng | |
| 010 | @a86025506 | |
| 020 | @a0802725686 (lg. print). | |
| 035 | @A(DLC) 86025506 | |
| 040 | @aDLC@cDLC@dDLC | |
| 050 | 10 | @aBX2170.C56@bR67 1987 |
| 082 | 00 | @a242/.2@2 19 |
| 090 | @aB97 | |
| 099 | @dB97@ex21 | |
| 100 | 1 | @aRosage, David E. |
| 245 | 10 | @aSpeak Lord, your servant is listening / @cDavid E. Rosage. |
| 250 | @aLarge print ed. | |
| 260 | @aNew York :@bPhoenix Press,@c1987. | |
| 300 | @aix, 208 p. ;@c21 cm. | |
| 650 | 0 | @aDevotional calendars@xCatholic Church. |
| 650 | 0 | @aLarge type books. |
| 906 | @a7@bcbc@corignew@d1@eocip@f19@gy-gencatlg | |
| Speak Lord, your servant is listening / / David E. Rosage.-Large print ed.-New York : : Phoenix Press, , 1987. |
| ix, 208 p. ; ; 21 cm. |
| ISBN 0802725686 (lg. print). |
| ● |
| 相关链接 |
|
|
|
|
正题名:Speak Lord, your servant is listening
索取号:B97/x21
 
预约/预借
| 序号 | 登录号 | 条形码 | 馆藏地/架位号 | 状态 | 备注 |
| 1 | 0008720 | 300087206 | 第二样本阅览室/ [索取号:B97/x21] | 在馆 |